Größte Länder nach Fläche und Einwohnern zusammen - Statistiken

Allgemein
  • Dieses Quiz wurde 118 mal gespielt
  • Das Durchschnittsergebnis liegt bei 16 aus 20
Antwortstatistiken
Mittelwert Land % Korrekt
2,5 China
100%
4 Indien
99%
3,5 Vereinigte Staaten
98%
5 Russland
97%
6 Brasilien
95%
20 Kanada
92%
12 Mexiko
90%
21 Ägypten
86%
21,5 Argentinien
85%
13 Demokratische Republik Kongo
85%
9 Indonesien
85%
18,5 Nigeria
82%
21,5 Algerien
81%
17 Iran
77%
19 Pakistan
77%
24 Südafrika
72%
18 Äthiopien
67%
26,5 Kolumbien
63%
22 Sudan
57%
25,5 Tansania
50%
Keine übereinstimmenden Quizze gefunden
Verteilung der Resultate
Anzahl Personen mit jedem Resultat
Perzentil nach korrekt beantworteten Fragen
Ihre Resultats-Entwicklung
Sie haben dieses Quiz noch nicht gespielt